مكتبة جامعة عجلون الوطنية

فهرس بحث المكتبة

Normal view MARC view
  • التربية البدنية والرياضية- مؤتمرات

Entry Topical Term

Number of records used in: 1

001 - CONTROL NUMBER

  • control field: 37367

003 - CONTROL NUMBER IDENTIFIER

  • control field: JO-AjAnu

005 - DATE AND TIME OF LATEST TRANSACTION

  • control field: 20230606080231.0

008 - FIXED-LENGTH DATA ELEMENTS

  • fixed length control field: 230606|| aca||aabn | a|a d

040 ## - CATALOGING SOURCE

  • Original cataloging agency: JO-AjAnu
  • Transcribing agency: JO-AjAnu

150 ## - HEADING--TOPICAL TERM

  • Topical term or geographic name entry element: التربية البدنية والرياضية- مؤتمرات

670 ## - SOURCE DATA FOUND

  • Source citation: Work cat.: (JO-AjAnu)19174: رئيس المؤتمر علم الدين، محمد اسماعيل؛ نائب رئيس المؤتمر قنديل، ابراهيم حامد؛ مقرر المؤتمر علاوي، محمد حسن ، مقرر المؤتمر فرغلي، محمد مسعد, author 37366, المؤتمر العلمي لبحوث ودراسات التربية البدنية والرياضية